• 首页
  • 本馆介绍
  • 公告通知
  • 最新文献
  • 馆藏检索
  • 电子资源
  • 读者导购
  • 参考咨询
  • 我的图书馆
  • 登录
  • 详细信息显示
  • 放入我的书架
  • 预约/预借图书
  • 作者相关作品
  • 分类相关作品
  • 丛书相关作品
  • 出版社相关作品

书目信息

  • 表格格式
  • 工作单格式
  • 卡片格式
题名:
城市污水厂实习培训教程
    
 
作者: 宋宝增 , 侯锋 , 将文举 主编
分册:  
出版信息: 北京   化学工业出版社  2007
页数:
开本: 29cm
丛书名:
单 册:
中图分类: X703.3
科图分类:
主题词: 废物综合利用 , 废物 , 废物处理
电子资源:
ISBN: 978-7-5025-9832-7
000 00715nam0 2200229 450
001 0754114953
005 20070929150154.95
010    @a978-7-5025-9832-7
100    @a20070929d km y0chiy0120 ea
101 0  @achi
200 1  @a城市污水厂实习培训教程@Acheng shi wu shui chang shi xi pei xun jiao cheng@f将文举,侯锋,宋宝增 主编@Fjiang wen ju,hou feng,song bao zeng zhu bian
210    @a北京@c化学工业出版社@d2007
215    @c插图@d29cm
606 0  @a废物综合利用
606 0  @a废物
606 0  @a废物处理
690    @aX703.3@v3
701  0 @a宋宝增@Asong bao zeng@4主编
701  0 @a侯锋@Ahou feng@4主编
701  0 @a将文举@Ajiang wen ju@4主编
801  0 @aCN@bPFT@c20070929
905    @a213230@dX703.3@eh60@f1
    
    城市污水厂实习培训教程/将文举,侯锋,宋宝增 主编.-北京:化学工业出版社,2007
    插图;29cm
    
    
    ISBN 978-7-5025-9832-7:
    
●
相关链接 在E读中查询图书 在五车中查询图书 在当当中查询图书 在豆瓣中查询图书


正题名:城市污水厂实习培训教程     索取号:X703.3/h60         预约/预借

序号 登录号 条形码 馆藏地/架位号 状态 备注
1 6003315   260033154   密集书库-化学系/ [索取号:X703.3/h60] 在馆    
唐山师范学院图书馆 欢迎您!
大连网信软件有限公司© 版权所有